Normal view
MARC view
Entry Personal Name
001 - CONTROL NUMBER
- control field: 1210941
003 - CONTROL NUMBER IDENTIFIER
- control field:
005 - DATE AND TIME OF LATEST TRANSACTION
- control field: 20210629064514.0
008 - FIXED-LENGTH DATA ELEMENTS
- fixed length control field: 210629|| aca||aabn | a|a d
040 ## - CATALOGING SOURCE
- Original cataloging agency:
- Transcribing agency:
100 ## - HEADING--PERSONAL NAME
- Personal name: De Silva, Padmasiri,
- Dates associated with a name: 1933-
670 ## - SOURCE DATA FOUND
- Source citation: Work cat.: ()1285432: De Silva, Padmasiri, 1933-, The psychology of emotions in Buddhist perspective /, 1976
